Famous People from Idaho Falls by Picture - Statistics

General Stats
  • This quiz has been taken 4 times
  • The average score is 7 of 19
Answer Stats
Picture Hint Answer % Correct
Football Coach (born 1948) John L. Smith
100%
Governor / Mayor (1880-1943) Barzilla W. Clark
50%
Governor / Judge (1883-1966) Chase A. Clark
50%
U.S. Senator & Representative (1902-1955) D. Worth Clark
50%
Lt. Governor (born 1963) Janice McGeachin
50%
Journalist / Anchor (born 1953) Martha Raddatz
50%
U.S. Senator & Representative (born 1951) Mike Crapo
50%
U.S. Attorney / State Senator (born 1955) Bart Davis
25%
Model (born 1971) Brandi Sherwood
25%
Army Staff Sergeant (1932-2006) David B. Bleak
25%
Entrepreneur / Rancher / Political Financier (born 1948) Frank VanderSloot
25%
Snowboarder (born 1991) Jessika Jenson
25%
Football Player (born 1985) Mark Asper
25%
U.S. Representative (1926-2017) Orval H. Hansen
25%
Basketball Player & Coach (1929-2020) Roland Minson
25%
Football Coach & Player (born 1980) Spencer Toone
25%
Football Player (born 1947) Steve Preece
25%
Chemist / Researcher (1931-2022) Ted Kuwana
25%
Hockey Player (born 1984) Kevin Kantee
0%
No matching quizzes found
Score Distribution
Percent of People with Each Score
Percentile by Number Answered
Your Score History
You have not taken this quiz